000 00724nam a22002057a 4500
005 20211112084345.0
008 130419n1970|||||||||||gr|||||00||d|eng||
040 _aCO-BoUCM
_bspa
_cJose A. Gerena (modificó)
_d[Nuevo]
100 _aMoliere, Juan Bautista
_984436
245 3 _aLe Bourgeois Gentilhomme
_bComédie ballet
_cJuan Bautista Moliére ; introducción y notas de Yues Huchner
260 _aFrancia
_bLarousse
_c1970
300 _a152 páginas
490 _aNouveaux classiques Larousse
650 0 4 _aLiteratura europea
_926524
650 0 4 _aLiteratura francesa
_97794
650 0 4 _aTeatro francés
_925063
942 _cLIBRO
_e1
_a18
_2DEWEY
_h842
_mM65
_n0
041 _aeng
999 _c93356
_d93356